Astronomie populaire
Gespeichert in:
| 1. Verfasser: | |
|---|---|
| Format: | Buch |
| Sprache: | Undetermined |
| Veröffentlicht: |
Paris
Flammarion
1955
|
| Schlagworte: | |
| Tags: |
Tag hinzufügen
Keine Tags, Fügen Sie den ersten Tag hinzu!
|
| Thư viện lưu trữ: | Trung tâm Học liệu Trường Đại học Cần Thơ |
|---|
| LEADER | 00476nam a2200181Ia 4500 | ||
|---|---|---|---|
| 001 | CTU_26202 | ||
| 008 | 210402s9999 xx 000 0 und d | ||
| 082 | |a 520 | ||
| 082 | |b F581 | ||
| 100 | |a Camille Flammarion | ||
| 245 | 0 | |a Astronomie populaire | |
| 245 | 0 | |c Camille Flammarion, Ernest Flammarion | |
| 260 | |a Paris | ||
| 260 | |b Flammarion | ||
| 260 | |c 1955 | ||
| 650 | |a astronomy | ||
| 904 | |i Minh, 981012 | ||
| 980 | |a Trung tâm Học liệu Trường Đại học Cần Thơ | ||